01641cam a22003735a 450000100090000000300090000900500170001800800410003502000150007602000180009104000940010908200280020310000390023124500930027026400350036326400100039830000470040833600260045533700280048133800270050950400520053650502020058863000270079065000640081765000560088165100100093765300360094765500240098370000350100770000320104294200120107499900170108695201640110317642788EG-ScBUE20220906105212.0130301t2013 inua f b 001 0 eng d a1118521307 a9781118521304 aYDXCPbengerdacYDXCPdSINLBdUKMGBdBTCTAdINTdOCLCFdOCLCOdZWZdOCLCQdDLCdEG-ScBUE04a720.2840285536bVAN2221 aVandezande, James,eauthor.93846110aMastering Autodesk Revit architecture 2014 /cJames Vandezande, Eddy Krygiel, Phil Read. 1aIndianapolis :bSybex,c[2013] 4cc2013 axxvii, 980 pages :billustrations ;c24 cm 2rdacontentatextbtxt 2rdamediaaunmediatedbn 2rdacarrieravolumebnc aIncludes bibliographical references and index. 0 apt. 1. Fundamentals -- pt. 2. Understanding the workflow -- pt. 3. Modeling and massing for design -- pt. 4. Extending modeling techniques -- pt. 5. Documentation -- pt. 6. Construction and beyond.07aAutodesk Revit.2BUEsh 7aArchitectural drawingxComputer-aided design.2BUEsh925994 7aArchitectural designxData processing.2BUEsh92262 2BUEsh bENGARCcAugust2015cOctober2015 vReading book9342321 aKrygiel, Eddy,d1972-eauthor.1 aRead, Phil,d1965-eauthor. 2ddccBB c20756d20728 00102ddc40708BaccahaMAINbMAINc2NDd2015-08-31ePurchaseg401.00h23317l1m2o720.2840285536 VANp000039743r2025-07-15 00:00:00s2021-11-15v501.00yBB